Word Ladder: Propaganda! Quiz Stats

 Plays Quiz Updated Jun 9, 2016

Score 0/22 Timer 02:00
0 Plays Today
Hint 4-Letter Word % Correct
Chicken houseCoop
91%
Hoofbeat soundClop
87.6%
Cartoon vixen Betty....Boop
84.9%
A majorityMost
84.6%
FogMist
83.9%
ExpenseCost
82.3%
Pork or Karate...Chop
81%
Trim hair or grassClip
81%
Poker or potato...Chip
76.2%
Julep herbMint
75.4%
Small duckCoot
74.3%
Hint 4-Letter Word % Correct
• A ____ OF THE LIP •SLIP
74%
Glossy furMink
69.7%
Cowboy bedBunk
69.7%
TomeBook
69%
Kind of deckPoop
68.3%
Hit on the headBonk
67.2%
SubmergedSunk
66.2%
Riding whipCrop
65.5%
Stage or airplane itemProp
62.2%
• CAN ____SINK
61.3%
• A ____SHIP
48.3%

Today's Daily Dose

Word Ladder
Big Phrases

Quick Pick
SNL Movies

Get the Picture
Ron or Howard

You're not logged in!

Compare scores with friends on all Sporcle quizzes.
OR
Log In

Show Comments

Extras

Top Quizzes Today


Score Distribution

Your Account Isn't Verified!

In order to create a playlist on Sporcle, you need to verify the email address you used during registration. Go to your Sporcle Settings to finish the process.

Report this User

Report this user for behavior that violates our Community Guidelines.

Details: